000 00929nam a2200229Ia 4500
005 20250622124032.0
008 250617s9999||||xx |||||||||||||| ||ara||
017 _a2025/2787
_bمصر. دار الكتب
020 _a9789778850345
082 0 4 _a"745,67"
_bآ ن
100 0 _aآية وليد حامد إبراهيم
245 1 0 _aنوادر مخطوطات ووثائق اللفائف ( الرول ) فى العصر الإسلامى فى ضوء نماذج لم يسبق نشرها /
_cتأليف آية وليد حامد إبراهيم
250 _aط1
260 3 _aالقاهرة :
_b"المؤسسة الدولية للكتاب،"
_c2025.
300 _a679ص :
_bلوحات ؛
_c25سم.
650 _aالخط العربى
650 _aالمخطوطات
_x تذهيب
650 _aالمخطوطات
_x ترميم
650 _aالمخطوطات
_x زخرفة
942 _cBK
999 _c67589
_d67589